000
00310nam a22001457a 4500
008
230615b ||||| |||| 00| 0 eng d
020
_a
9110910328
041
_a
eng
080
_a
61
082
_a
61MSD
100
_a
3
101
_a
MJP
245
_a
THE MERCK MANUAL OF GERIATRICS
_c
MSD
942
_2
udc
_c
BK
999
_c
59985
_d
59985